Online Catalogue and eLibrary

Women and Women's Issues: (Record no. 2652)

MARC details
000 -LEADER
fixed length control field 00534nam a2200205Ia 4500
005 - DATE AND TIME OF LATEST TRANSACTION
control field 20250210014955.0
008 - FIXED-LENGTH DATA ELEMENTS--GENERAL INFORMATION
fixed length control field 240331s9999 xx 000 0 und d
020 ## - INTERNATIONAL STANDARD BOOK NUMBER
ISBN 0875894186
082 ## - DDC Classification
Item Number - Author Mark BEE
DDC Edition Number 368
Class No. 305.401
100 ## - MAIN ENTRY--PERSONAL NAME
Personal name Beere, C
245 #0 - TITLE STATEMENT
Title Women and Women's Issues:
Remainder of title A Handbook of Texts and Measures
260 ## - PUBLICATION, DISTRIBUTION, ETC.
Place of publication, distribution, etc. California;
-- London
Name of publisher, distributor, etc. Jossey-Bass Publishers
Date of publication, distribution, etc. 1979
300 ## - PHYSICAL DESCRIPTION
Extent (e.g. Volumes, Pages etc.) xvi, 550 p.,
650 ## - SUBJECT ADDED ENTRY--TOPICAL TERM
Topical term or geographic name entry element Women
650 ## - SUBJECT ADDED ENTRY--TOPICAL TERM
Topical term or geographic name entry element Sex Roles
650 ## - SUBJECT ADDED ENTRY--TOPICAL TERM
Topical term or geographic name entry element Stereotypes
650 ## - SUBJECT ADDED ENTRY--TOPICAL TERM
Topical term or geographic name entry element Gender
650 ## - SUBJECT ADDED ENTRY--TOPICAL TERM
Topical term or geographic name entry element Children
942 ## - Koha item type (Biblio)
Koha item type Books in Stacks (Lending)
Holdings
Lost status Damaged status Collection code Home library Current library Shelving location Date acquired Full call number Accession Number Item type
    Lending WERC Library WERC Library Social Science Cupboard 03/31/2024 305.4018 BEE 368 Books in Stacks (Lending)

© WERC Library